Дело об аудиенциях и представлениях

Доступно только в Электронных читальных залах Найти на картеНа карте
RUSMARC
00003689nmc2a22002533x 450
001e6e088cf-9264-4e19-8a60-020800d8cce1
00520250813204907.0
100##$a20250415l18331833k l0rusy0189 ca
1010#$arus
$afre
102##$aRU
105##$ay###
1222#$ad
2001#$aДело об аудиенциях и представлениях
$j6 октября - 23 декабря 1833 г.
215##$a27 л.
$d35х22 см
251##$cДело
300##$aНа обложке указано: "Экспедиция церемониальных дел Министерства иностранных дел; №3"
300##$aНа русском и французском языках
371##$aДокумент не является опубликованным и широко распространяемым
461#0$10011beca410-31e9-4f28-916a-592ca9443f69
$12001
$aЦеремониальная часть Министерства императорского двора
$1251
$cФонд
$1852
$j473
462#0$1001a54d7da2-27dc-4d4e-832c-8830aaafd738
$12001
$aЦеремониальная часть Министерства императорского двора
$1251
$cОпись
$1852
$j3
801#0$aRU
$bРГИА
$c20250415
$gRCR
801#1$aRU
$bГлавНИВЦ
$c20250415
$2rusmarc
801#2$aRU
$bПБ им. Б.Н. Ельцина
$c20250813
$gRCR
$2rusmarc
850##$aРГИА
852##$aРГИА
$eФедеральное казенное учреждение "Российский государственный исторический архив" (РГИА)
$j79
937##$hРГИА
$d12423314
$aASBIBLIO_SCAN
035##$aRusGRCC00084726
856##$uhttp://readingroom.main.prlib.ru/item.aspx?id_node=n197883525&mode=full
Формат отображения